شير شا ہ سو ر ی: عہد، حکو مت ا و ر معنو يت (Record no. 176577)

MARC details
000 -LEADER
fixed length control field 00728nam a22001937a 4500
005 - DATE AND TIME OF LATEST TRANSACTION
control field 20210128112239.0
010 ## - LCCN (DPL NO)
LC control number UR-11000
020 ## - INTERNATIONAL STANDARD BOOK NUMBER
Terms of availability 350.00
International Standard Book Number 9789387884809
035 ## - SYSTEM CONTROL NUMBER
System control number U-9555
037 ## - SOURCE OF ACQUISITION
Source of stock number/acquisition DBAD/PUB
082 ## - DEWEY DECIMAL CLASSIFICATION NUMBER
Classification number 954.022
100 ## - MAIN ENTRY--PERSONAL NAME
Personal name ظفر عبد الر ؤ ف ر حما نی
245 ## - TITLE STATEMENT
Title شير شا ہ سو ر ی: عہد، حکو مت ا و ر معنو يت
Statement of responsibility, etc ظفر عبد الر ؤ ف ر حما نی
246 ## - VARYING FORM OF TITLE
Remainder of title Sher Shah Suri : Ahd, Hukumat aur Manawiyat (Urdu)
Title proper/short title by Zafar Abdur Raoof Rehmani
260 ## - PUBLICATION, DISTRIBUTION, ETC. (IMPRINT)
Place of publication, distribution, etc Bihar
Name of publisher, distributor, etc Creatyve Star Publications,
Date of publication, distribution, etc 2019 ء
270 ## - ADDRESS
Address Jamia Nagar
City New Delhi
Postal code 110025
Fax number 9958380431
300 ## - PHYSICAL DESCRIPTION
Extent 416 ص
Dimensions 22 Cm(Hb)
942 ## - ADDED ENTRY ELEMENTS (KOHA)
Source of classification or shelving scheme Dewey Decimal Classification
Item type Urdu Bks
Classification part 954.022
Call number suffix ر ح م
Holdings
Withdrawn status Lost status Not for loan Collection code Home library Current library Date acquired Source of acquisition Cost, normal purchase price Full call number Barcode Copy number Cost, replacement price Koha item type
      Non-fiction Central Library Central Library 11/01/2021 DBAD/PUB 350.00 954.022 ر ح م U-9555 1 350.00 Urdu Bks

© Delhi Public Library
Hit Counter
free hit counter